[Event "TCh-FRA Top 16 Gp A"]
[Site "Paris FRA"]
[Date "2006.02.04"]
[Round "2"]
[White "Bricard,E"]
[Black "Fressinet,L"]
[Result "0-1"]
[WhiteElo "2473"]
[BlackElo "2625"]

1.c4 e5 2.g3 Nf6 3.Bg2 h6 4.d3 Bc5 5.Nf3 d6 6.O-O Nc6 7.b3 O-O 8.Bb2 Re8
9.d4 Nxd4 10.Nxd4 Bxd4 11.Bxd4 exd4 12.Qxd4 Rxe2 13.Nc3 Re8 14.Rad1 Qe7 15.Qd2 Rb8
16.Rfe1 Be6 17.h3 Qd8 18.g4 Bd7 19.Rxe8+ Qxe8 20.Qd4 b6 21.f4 Bc6 22.g5 hxg5
23.fxg5 Nh7 24.g6 fxg6 25.Bxc6 Qxc6 26.Qd5+ Qxd5 27.Nxd5 Re8 28.Nxc7 Re2
29.Rxd6 Ng5 30.Rd3 Rxa2 31.h4 Ne4 32.Ne6 Kf7 33.Re3 Kxe6 34.Rxe4+ Kf5 35.Re7 g5
36.Rxg7 gxh4 37.Rc7 Ra3 38.b4 Ra4 39.b5 Ra5 40.Rh7 Ke4  0-1

[Event "TCh-BEL 2005-6"]
[Site "Belgium BEL"]
[Date "2006.02.05"]
[Round "8"]
[White "Cekro,E"]
[Black "Smeets,J"]
[Result "1-0"]
[WhiteElo "2416"]
[BlackElo "2550"]

1.c4 e5 2.g3 Nf6 3.Bg2 d5 4.cxd5 Nxd5 5.Nc3 Nb6 6.a3 g6 7.Nf3 Bg7 8.O-O O-O
9.d3 h6 10.Rb1 Nc6 11.b4 Nd4 12.Nd2 a6 13.Nde4 c6 14.Bb2 Nd5 15.e3 Ne6 16.Qc2 Nec7
17.Rfd1 a5 18.Nxd5 cxd5 19.Rbc1 axb4 20.axb4 Nb5 21.Qc5 Ra2 22.Bxe5 Bxe5
23.Qxb5 Bb2 24.Rxc8 Qxc8 25.Qxd5 Qc2 26.Rf1 Bg7 27.d4 Rb2 28.Qxb7 Qc4 29.Nd6 Qxb4
30.Qd7 Qb8 31.Bd5 Qd8 32.Bxf7+ Kh7 33.Qxd8 Rxd8 34.Ne4 Rdb8 35.h4 Bf8 36.h5 g5
37.Bg6+ Kg7 38.Nc3 Ra8 39.g4 Ra3 40.Ne4 Rba2 41.Ng3 Kf6 42.Nf5 Ra1 43.Rxa1 Rxa1+
44.Kg2 Ke6 45.Kf3 Ra2 46.d5+ Ke5 47.Bf7 Bb4 48.d6 Rd2 49.Nxh6 Rxd6 50.Bg6 Rd2
51.Nf5 Rb2 52.Ng3 Be1 53.Ne4 Ke6 54.Nxg5+  1-0

[Event "TCh-FRA Top 16 Gp A"]
[Site "Clichy FRA"]
[Date "2006.02.05"]
[Round "3"]
[White "Bauer,Ch"]
[Black "Kogan,Ar"]
[Result "1-0"]
[WhiteElo "2627"]
[BlackElo "2560"]

1.c4 e5 2.g3 Nf6 3.Bg2 Nc6 4.Nf3 Bc5 5.Nc3 d6 6.d3 O-O 7.O-O a6 8.a3 Nd4
9.Nd2 c6 10.b4 Ba7 11.Bb2 Re8 12.Rc1 Bg4 13.h3 Bh5 14.Nde4 Nxe4 15.dxe4 Qg5
16.g4 Bg6 17.e3 Ne6 18.Ne2 Qh4 19.Kh2 Rad8 20.Ng3 Bb8 21.Nf5 Bxf5 22.gxf5 Ng5
23.Qg4 Qxg4 24.hxg4 d5 25.cxd5 cxd5 26.exd5 e4+ 27.Kg1 h5 28.gxh5 Rxd5 29.Rc5 Rxc5
30.bxc5 Kh7 31.Rb1 Be5 32.Bd4 Bxd4 33.exd4 Rd8 34.Rxb7 Rxd4 35.c6 Rc4 36.c7 Kh6
37.Rb8 Rxc7 38.Rh8+ Nh7 39.Bxe4 Rc4 40.Bd5 Rg4+ 41.Kf1 g6 42.hxg6 fxg6 43.fxg6 Kxg6  1-0

[Event "TCh-FIN 2005-6"]
[Site "Tampere FIN"]
[Date "2006.02.11"]
[Round "7"]
[White "Lehtinen,H"]
[Black "Agopov,M"]
[Result "1/2-1/2"]
[WhiteElo "2372"]
[BlackElo "2386"]

1.c4 e5 2.g3 Nc6 3.Bg2 g6 4.Nc3 Bg7 5.Rb1 Nf6 6.b4 O-O 7.d3 d6 8.e3 Bg4 9.Nge2 Qd7
10.O-O Bh3 11.e4 Bxg2 12.Kxg2 Nh5 13.Nd5 f5 14.f3 Nd8 15.exf5 gxf5 16.d4 c6
17.Ndc3 exd4 18.Nxd4 Ne6 19.Nce2 Nxd4 20.Nxd4 d5 21.Qd3 dxc4 22.Qxc4+ Qf7
23.Qxf7+ Rxf7 24.Ne6 Bf6 25.Bb2 Re7 26.Nd4 Rd8 27.Nb3 Kf7 28.Rf2 Ng7 29.Rc2 Ne6
30.Kf2 Rd3 31.Re1 Ng5 32.Rxe7+ Bxe7 33.h4 Ne6 34.Ke2 Rd5 35.a3 f4 36.Kf2 Ng7
37.Bxg7 Kxg7 38.Rc4 fxg3+ 39.Kxg3 Bd6+ 40.Kf2 Rd3 41.Na5 b6 42.Nxc6 Rxa3
43.Rd4 Bf8 44.Rd7+ Kg6 45.h5+ Kh6 46.Rf7 Bg7 47.Kg3 Bc3 48.Kg4 Ra1 49.f4 Rg1+
50.Kf5 a5 51.bxa5 bxa5 52.Rd7 Rg8 53.Ne5  1/2-1/2

[Event "13th Open Metalis"]
[Site "Bizovac CRO"]
[Date "2006.02.25"]
[Round "5"]
[White "Babic,Dras"]
[Black "Fercec,N"]
[Result "0-1"]
[WhiteElo "2302"]
[BlackElo "2508"]

1.c4 e5 2.g3 c6 3.Nf3 e4 4.Nd4 d5 5.cxd5 Qxd5 6.e3 Nf6 7.Nc3 Qe5 8.Bg2 Bc5
9.f4 exf3 10.Nxf3 Qe7 11.O-O O-O 12.d4 Bb4 13.Ne5 Nbd7 14.Nd3 Ba5 15.Qa4 Bb6
16.Kh1 Rd8 17.e4 Nf8 18.d5 Ng4 19.e5 Nxe5 20.Nxe5 Qxe5 21.Bf4 Qh5 22.dxc6 bxc6
23.Bxc6 Bh3 24.Bf3 Qg6 25.Nd5 Kh8 26.Nxb6 Qxb6 27.Bxa8 Rxa8 28.Qe4 Re8 29.Qc2 Ne6
30.Rfe1 h6 31.Be3 Qb7+ 32.Kg1 Rc8 33.Qf2 f5 34.Rad1 Rf8 35.Bxh6 f4 36.g4 Bxg4  0-1

[Event "TCh-HUN 2005-6"]
[Site "Hungary HUN"]
[Date "2006.02.26"]
[Round "8"]
[White "Haag,E"]
[Black "Berebora,F"]
[Result "1/2-1/2"]
[WhiteElo "2330"]
[BlackElo "2391"]

1.c4 e5 2.g3 Nf6 3.Bg2 c6 4.d4 Bb4+ 5.Bd2 Bxd2+ 6.Qxd2 d6 7.Nc3 O-O 8.dxe5 dxe5
9.Qxd8 Rxd8 10.Nf3 Re8 11.Rd1 Bg4 12.O-O Nbd7 13.Ng5 Red8 14.f3 Bf5  1/2-1/2

[Event "2nd ch-SCG Women"]
[Site "Tivat SCG"]
[Date "2006.02.27"]
[Round "7"]
[White "Chelushkina,I"]
[Black "Drljevic,L"]
[Result "1-0"]
[WhiteElo "2312"]
[BlackElo "2213"]

1.g3 e5 2.c4 f5 3.Bg2 Nf6 4.Nc3 Nc6 5.d3 Bc5 6.e3 O-O 7.a3 a5 8.Nge2 Qe8
9.Nd5 Bd6 10.Nec3 Nxd5 11.cxd5 Ne7 12.O-O c6 13.d4 e4 14.f3 cxd5 15.Qb3 Kh8
16.Bd2 Rb8 17.Nb5 Qg6 18.Bxa5 Nc6 19.Bd2 Rf6 20.Nxd6 Rxd6 21.fxe4 dxe4 22.Bxe4 Rf6
23.Rxf5 Rxf5 24.Bxf5 Qh5 25.Rf1  1-0

[Event "Breizh Masters"]
[Site "Guingamp FRA"]
[Date "2006.03.04"]
[Round "9"]
[White "Grabinsky,V"]
[Black "Jolly,J"]
[Result "0-1"]
[WhiteElo "2293"]
[BlackElo "2206"]

1.c4 e5 2.g3 g6 3.Bg2 Bg7 4.Nc3 d6 5.e4 Nc6 6.Nge2 h5 7.h4 Bg4 8.f3 Be6 9.d3 Nd4
10.Rb1 Nh6 11.b4 O-O 12.Nd5 Kh7 13.Bg5 f6 14.Be3 f5 15.Bg5 Qd7 16.Nxd4 exd4
17.Qc2 fxe4 18.dxe4 b5 19.cxb5 Qxb5 20.a4 Qe8 21.O-O Bxd5 22.exd5 Nf5 23.Rfe1 Qf7
24.g4 Ne3 25.Bxe3 dxe3 26.gxh5 Qf4 27.Qxg6+ Kh8 28.Qg4 Rae8 29.Re2 Be5 30.Qxf4 Bxf4
31.Bh3 Re5 32.Be6 c6 33.Rd1 Bh6 34.Rd4 Rxf3 35.Rg4 cxd5 36.Rg6 Bf4 37.Reg2 Rg3
38.R2xg3 Bxg3 39.Rxg3 e2  0-1

[Event "38th 8th March WGM"]
[Site "Belgrade SCG"]
[Date "2006.03.12"]
[Round "6"]
[White "Chelushkina,I"]
[Black "Trujillo Delgado,D"]
[Result "1-0"]
[WhiteElo "2312"]
[BlackElo "2146"]

1.g3 e5 2.c4 d5 3.cxd5 Nf6 4.Bg2 Nxd5 5.Nf3 Nc6 6.O-O Be7 7.d4 e4 8.Ne5 f5
9.Qa4 Bd7 10.Qc4 Nxe5 11.Qxd5 Nc6 12.Nc3 Bf6 13.Be3 Qe7 14.Qb3 Bxd4 15.Bxd4 Nxd4
16.Qxb7 Bc6 17.Qa6 Qb4 18.Rad1 Bb7 19.Rxd4 Qxd4 20.Qxb7 O-O 21.Qxc7 Rab8
22.Rd1 Qf6 23.Rd6 Qg5 24.h4 Qc1+ 25.Rd1 Qh6 26.Qe5 Rbe8 27.Qd5+ Kh8 28.e3 Qb6
29.Qc4 Qf6 30.Qc5 Rb8 31.Rd7 Rfc8 32.Qa5 h6 33.Qa3 a6 34.Rd6 Qf8 35.Nd5 Rc1+
36.Kh2 Rc2 37.Nf4 Kh7 38.Qxa6 Rbxb2 39.Rd7 Rxa2 40.Qg6+ Kh8 41.Rf7 Qg8 42.Qxf5 Ra8
43.Ng6+  1-0

[Event "Sozina Open"]
[Site "Bar SCG"]
[Date "2006.03.18"]
[Round "1"]
[White "Raicevic,M"]
[Black "Filipovic,Zo"]
[Result "1-0"]
[WhiteElo "2348"]
[BlackElo "1958"]

1.c4 e5 2.g3 Nf6 3.Bg2 d5 4.cxd5 Nxd5 5.Nc3 Nxc3 6.bxc3 Bd6 7.Nf3 O-O 8.O-O c6
9.Rb1 Qc7 10.Qc2 Nd7 11.d4 Re8 12.e4 b6 13.Be3 Bb7 14.Nd2 Ba6 15.Rfe1 Rad8
16.Rbd1 h6 17.h3 Rf8 18.Qa4 Bb5 19.Qb3 Kh8 20.Kh2 Ba6 21.Nf3 c5 22.dxe5 Nxe5
23.Nxe5 Bxe5 24.f4 Bf6 25.e5 Be7 26.Qa4 Bc8 27.Qe4 Be6 28.f5 Bxa2 29.f6 g5
30.fxe7 Qxe7 31.c4 Qe6 32.Rd5 Bb3 33.Qd3  1-0

[Event "Victor Ciocaltea Mem"]
[Site "Bucharest ROM"]
[Date "2006.03.19"]
[Round "12"]
[White "Barnaure,V"]
[Black "Ionescu,M"]
[Result "1/2-1/2"]
[WhiteElo "2416"]
[BlackElo "2389"]

1.c4 e5 2.g3 Nf6 3.Bg2 c6 4.d4 Bb4+ 5.Nc3 d6 6.e3 Bxc3+ 7.bxc3 e4 8.Ne2 O-O
9.O-O b6 10.f3 Bf5 11.fxe4 Bxe4 12.Rxf6 Bxg2 13.Rf4 Bh3 14.e4 f5 15.exf5 Bxf5
16.g4 Bg6 17.Ng3 Nd7 18.Qf3 Qe7 19.Bd2 Rxf4 20.Bxf4 Rc8 21.Qf2 Qe6 22.Re1 Qxg4
23.Bxd6 Nf6 24.Qf4 Qxf4 25.Bxf4 Kf7 26.Be5 b5 27.cxb5 cxb5 28.Ne2 Nd5 29.Rf1+ Ke6
30.Re1 Kd7 31.Bxg7 Bd3 32.Be5 Bxe2 33.Rxe2 Rxc3 34.h4 h5 35.Rg2 Ra3 36.Rg6 Ne7
37.Rg2 Ke6 38.Rc2 a5 39.Re2 Kd5 40.Bf6 Nc6 41.Rg2 Ke6 42.Bg7 b4 43.Kh2 a4
44.Rc2 Ne7 45.Bf8 Nd5 46.Rb2 Re3 47.Bxb4 a3 48.Rb1 Re2+ 49.Kg3 Rxa2 50.Re1+ Kf7
51.Bc5 Rd2 52.Rf1+ Kg6 53.Bxa3 Rxd4 54.Bc1 Nc3 55.Be3 Rg4+ 56.Kh3 Nd5 57.Bc5 Re4  1/2-1/2

[Event "ch-ARG s/f"]
[Site "Buenos Aires ARG"]
[Date "2006.03.25"]
[Round "5"]
[White "Altamirano,B"]
[Black "Lafuente,P"]
[Result "0-1"]
[WhiteElo "2284"]
[BlackElo "2408"]

1.c4 e5 2.g3 Nf6 3.Bg2 c6 4.d4 exd4 5.Qxd4 Na6 6.Nf3 d5 7.cxd5 Nb4 8.Qd1 Qxd5
9.Qxd5 Nfxd5 10.Na3 Be7 11.Bg5 Nb6 12.Bxe7 Kxe7 13.Nd4 Rd8 14.Nac2 Nxc2+
15.Nxc2 Na4 16.b3 Nc3 17.e3 a5 18.Nd4 a4 19.b4 a3 20.Kd2 Nb5 21.Bf1 Nxd4
22.exd4 Rxd4+ 23.Kc3 Rd6 24.Re1+ Kf8 25.Bc4 b5 26.Bb3 Bf5 27.Re3 Rad8 28.Bc2 Bxc2
29.Kxc2 Rd2+ 30.Kb1 Rb2+ 31.Ka1 Rxf2 32.Rxa3 Rdd2 33.h4 Ke7 34.Re3+ Kf8 35.a3 Ra2+
36.Kb1 Rfb2+ 37.Kc1 Rxb4 38.axb4 Ra1+ 39.Kb2 Rxh1 40.Rc3 Rh2+ 41.Kb3 Rg2
42.Re3 h5 43.Kc3 g6 44.Kd3 Ra2 45.Kd4 Rc2 46.Rb3 Rc4+ 47.Ke3 Ke7 48.Kf3 Kf6
49.Kg2 Ke5 50.Re3+ Re4 51.Rb3 Kd5  0-1

[Event "TCh-BEL 2005-6"]
[Site "Belgium BEL"]
[Date "2006.03.26"]
[Round "11"]
[White "Cekro,E"]
[Black "Ikonnikov,Vy"]
[Result "1-0"]
[WhiteElo "2416"]
[BlackElo "2580"]

1.c4 e5 2.g3 Nf6 3.Bg2 c6 4.b3 d5 5.Bb2 Bd6 6.cxd5 cxd5 7.Nc3 d4 8.Nb5 O-O
9.Nxd6 Qxd6 10.Nf3 Nc6 11.O-O h6 12.Rc1 e4 13.Ne1 Bf5 14.d3 Rad8 15.dxe4 Bxe4
16.Nf3 Rfe8 17.Qd2 Qd5 18.Rfd1 Ng4 19.Qf4 Nge5 20.Nxd4 Ng6 21.Qg4 Bxg2 22.Nxc6 Qxd1+
23.Rxd1 Rxd1+ 24.Kxg2 bxc6 25.Qc4 Rd6 26.Qc5 Rde6 27.e3 R8e7 28.Qd4 Ne5 29.f4 Rd7
30.Qc3 Rd3 31.Qc2 Nf3 32.Kxf3 Rexe3+ 33.Kf2 Rf3+ 34.Kg2 Rfe3 35.Kh3 f6 36.Qxc6 Kh7
37.Qc2 h5 38.Bd4 Rf3 39.Kg2 h4 40.Qe2 h3+ 41.Kxh3  1-0

[Event "22nd Spring Festival Open"]
[Site "Budapest HUN"]
[Date "2006.03.26"]
[Round "4"]
[White "Metaxasz,V"]
[Black "Bulthaupt,F"]
[Result "1/2-1/2"]
[WhiteElo "2106"]
[BlackElo "2175"]

1.c4 e5 2.g3 Nc6 3.Bg2 f5 4.Nc3 Nf6 5.e3 Bc5 6.Nge2 e4 7.d4 exd3 8.Qxd3 O-O
9.O-O Ne5 10.Qc2 a5 11.b3 d6 12.Bb2 Qe8 13.Nd5 Nxd5 14.cxd5 g5 15.a3 f4 16.exf4 gxf4
17.gxf4 Qg6 18.Qc3 Nd3 19.f5 Bxf5 20.Qh8+ Kf7 21.Qc3 Be4 22.Ng3 Bxg2 23.Kxg2 Rae8
24.Rad1 Nf4+ 25.Kh1 h5 26.Qf3 Kg8 27.Rg1 Kh7 28.Rde1 Nh3 29.Rxe8 Rxe8 30.Rf1 Rg8
31.Qxh5+ Qxh5 32.Nxh5 Rg5 33.Nf6+ Kg6 34.Ne4 Rxd5 35.Kg2 Ng5 36.Nxc5  1/2-1/2

[Event "ch-ARG s/f"]
[Site "Buenos Aires ARG"]
[Date "2006.03.26"]
[Round "7"]
[White "Giardelli,S"]
[Black "Della Morte,P"]
[Result "1-0"]
[WhiteElo "2418"]
[BlackElo "2302"]

1.c4 e5 2.g3 Nf6 3.Bg2 d5 4.cxd5 Nxd5 5.Nc3 Nb6 6.Nf3 Nc6 7.O-O Be7 8.a3 O-O
9.b4 Be6 10.d3 a5 11.b5 Nd4 12.Nd2 c6 13.bxc6 bxc6 14.e3 Nb5 15.Nxb5 cxb5
16.Bxa8 Qxa8 17.Qf3 Bd5 18.e4 Bc6 19.Bb2 f6 20.d4 Na4 21.Qb3+ Kh8 22.d5 Bd7
23.Rac1 Qa7 24.Kg2 Bd6 25.Ba1 Qb8 26.Qe3 g5 27.Rc2 Bc7 28.Qd3 Bb6 29.f4 gxf4
30.gxf4 Rg8+ 31.Kh1 Nc5 32.Qf3 Bg4 33.Qg3 Bf5 34.Qh4 Nxe4 35.fxe5 Rg4 36.exf6 Kg8
37.f7+ Kf8 38.Qh6+ Ke7 39.d6+ Nxd6 40.Qf6+ Kd7 41.Nf3 Qb7 42.Rff2 Bd8 43.Qxd6+ Kxd6
44.f8=Q+  1-0

[Event "ch-ARG s/f"]
[Site "Buenos Aires ARG"]
[Date "2006.03.26"]
[Round "7"]
[White "Altamirano,B"]
[Black "Toniutti,E"]
[Result "0-1"]
[WhiteElo "2284"]
[BlackElo "2063"]

1.c4 e5 2.g3 Nf6 3.Bg2 d5 4.cxd5 Nxd5 5.Nf3 Nc6 6.O-O Nb6 7.Nc3 Be7 8.d3 O-O
9.Be3 Be6 10.Rc1 f6 11.Na4 Nxa4 12.Qxa4 Nb4 13.a3 Nd5 14.Bc5 c6 15.Rfd1 Bxc5
16.Rxc5 Qe7 17.Rcc1 Rfd8 18.Nd2 Qf7 19.Qh4 Nc7 20.Qb4 Nd5 21.Qa4 Ne7 22.Re1 Nf5
23.Qa5 Nd4 24.Qc3 Bg4 25.f3 Be6 26.Nc4 Rac8 27.b4 c5 28.bxc5 Rxc5 29.Qb4 b6
30.Kf2 Qc7 31.a4 Rc8 32.e3 Nc6 33.Qa3 Na5 34.Bf1 Nxc4 35.dxc4 Bxc4 36.Bxc4+ Rxc4
37.Rxc4 Qxc4 38.Qe7 Qf7 39.Qa3 Qe6 40.Re2 e4 41.Qa2 Qxa2 42.Rxa2 exf3 43.Kxf3 Rc5
44.Rb2 Kf7 45.Rb4 Ke6 46.h4 h5 47.Rd4 g5 48.Rb4 Ke5 49.Rd4 g4+ 50.Kf2 Rc2+
51.Kf1 Rb2 52.Rc4 a5 53.Rc6 Rb4 54.Ke2 Rxa4 55.Rxb6 Ra2+ 56.Kf1 Ke4 57.Rxf6  0-1

[Event "ch-ARG s/f"]
[Site "Buenos Aires ARG"]
[Date "2006.03.27"]
[Round "8"]
[White "Cuevas,A"]
[Black "Rebottaro,H"]
[Result "1/2-1/2"]
[WhiteElo "2095"]
[BlackElo "2274"]

1.c4 e5 2.g3 Nc6 3.Bg2 g6 4.Nc3 Bg7 5.e3 Nge7 6.Nge2 O-O 7.O-O d6 8.h3 Be6
9.Nd5 Qd7 10.Kh2 Rae8 11.Rb1 Nc8 12.b4 Nd8 13.d3 c6 14.Ndc3 Ne7 15.Qa4 b6
16.Nd5  1/2-1/2

[Event "ch-VIE"]
[Site "Cao Lanh Dong Thap VIE"]
[Date "2006.04.07"]
[Round "7"]
[White "Ngo Ngoc Quang"]
[Black "Tran Thanh Tu"]
[Result "0-1"]
[WhiteElo "2278"]
[BlackElo "2274"]

1.c4 e5 2.g3 c6 3.Nf3 e4 4.Nd4 d5 5.cxd5 Qxd5 6.e3 Bc5 7.Nc3 Qe5 8.Nb3 Bb6
9.Bg2 Nf6 10.f3 exf3 11.Qxf3 Bg4 12.Qf4 Nbd7 13.d4 Qe6 14.Bd2 a5 15.h3 Bf5
16.Na4 Ba7 17.g4 Bd3 18.O-O-O b5 19.Nac5 Bxc5 20.Bc3 Bd6 21.Qg5 h6 22.Qh4 Be4
23.d5 Bxd5 24.Bxd5 cxd5 25.Nd4 Qxe3+ 26.Kb1 Bg3 27.Rhe1 O-O 28.Rxe3 Bxh4
29.Nxb5 Bf2 30.Rf3 Bb6 31.h4 Nxg4 32.Rxd5 Ndf6 33.Rdf5 Rad8 34.a4 Rfe8 35.Na3 Re4
36.Rb5 Rd6 37.Ka2 Nd7 38.Rg3 Rxa4 39.b3 Re4 40.Nc4 Rc6 41.Rd3 a4 42.Nd2 axb3+
43.Kxb3 Re3 44.Rxd7 Rexc3+ 45.Kb4 Nf6 46.Rb7 Be3 47.Nb3 R3c4+ 48.Ka5 Rxh4  0-1

[Event "Open NOR-ch"]
[Site "Oslo NOR"]
[Date "2006.04.08"]
[Round "1"]
[White "Sjol,H"]
[Black "Paschall,W"]
[Result "1/2-1/2"]
[WhiteElo "1994"]
[BlackElo "2352"]

1.c4 e5 2.g3 Nc6 3.Bg2 f5 4.Nc3 Nf6 5.e3 d5 6.cxd5 Nb4 7.d4 e4 8.Bf1 Nbxd5
9.Nge2 Be6 10.Nxd5 Bxd5 11.Nc3 Be6 12.Bd2 Bd6 13.Rc1 c6 14.Na4 Qe7 15.Nc5 Bd5
16.Bc4 O-O 17.Qb3 Rf7 18.Ke2 Bxc5 19.Bxd5 Nxd5 20.Rxc5 Qg5 21.Qc2 Qh5+ 22.Ke1 Rf6
23.b4 a6 24.h4 Rh6 25.Qd1 Qf7 26.a4 g5 27.Ke2 gxh4 28.gxh4 Qh5+ 29.Ke1 Qxd1+
30.Kxd1 Kf7 31.Ke2 Ke6 32.b5 axb5 33.axb5 Kd7 34.Rg1 Rg6 35.Rb1 Ra2 36.bxc6+ bxc6
37.Rb7+ Kd6 38.Rxh7 f4 39.exf4 Nxf4+ 40.Ke3 Nd5+ 41.Ke2 e3 42.Rxd5+ Kxd5
43.Kxe3 Ra3+ 44.Ke2 Kxd4 45.Be3+ Ke4 46.Re7+ Kf5 47.h5 Re6 48.Rf7+ Rf6 49.Rg7 Ra4
50.h6 Rh4 51.Rg5+ Ke6 52.Rg7 Rhxh6 53.Bxh6 Rxh6  1/2-1/2

[Event "ch-DEN Gladiator"]
[Site "Aalborg DEN"]
[Date "2006.04.10"]
[Round "3"]
[White "Rasmussen,Kar"]
[Black "Pilgaard,K"]
[Result "1/2-1/2"]
[WhiteElo "2449"]
[BlackElo "2417"]

1.c4 e5 2.g3 Nf6 3.Bg2 d5 4.cxd5 Nxd5 5.Nf3 Nc6 6.d3 Be7 7.Nc3 Be6 8.O-O O-O
9.a3 a5 10.Bd2 Re8 11.Rc1 h6 12.Na4 Bf6 13.Nc5 Bc8 14.Qb3 Nb6 15.a4 Be7 16.Be3 Bd6
17.Nd2 Bxc5 18.Bxc5 Be6 19.Qd1 Nd5 20.Ne4 Qd7 21.Nc3 b6 22.Nxd5 Bxd5 23.Bxd5 Qxd5
24.Be3 Rac8 25.Rc4 Nd4 26.b4 axb4 27.Rxb4 Re6 28.Re1 c5 29.Rb2 h5 30.Bxd4 exd4
31.h4 Rce8 32.Qd2 Qd7 33.Rb5 Ra8 34.Qb2 Qc7 35.Rb1 Rae8 36.Re1  1/2-1/2

[Event "CCF Easter"]
[Site "Coulsdon ENG"]
[Date "2006.04.11"]
[Round "4"]
[White "Snape,I"]
[Black "Rudd,J"]
[Result "1/2-1/2"]
[WhiteElo "2227"]
[BlackElo "2299"]

1.c4 e5 2.g3 Nf6 3.Bg2 Nc6 4.Nc3 g6 5.Nf3 Bg7 6.O-O O-O 7.d3 d6 8.Rb1 a5
9.a3 Nd4 10.Nd2 c6 11.e3 Ne6 12.Nf3 Qe7 13.b4 axb4 14.axb4 Nh5 15.Bb2 f5
16.b5 Bd7 17.Ra1 Nf6 18.Qc2 g5 19.c5 cxb5 20.cxd6 Qxd6 21.Qb3 b4 22.Na2 e4
23.dxe4 Nxe4 24.Bxg7 Kxg7 25.Rfd1 Qe7 26.Qb2+ Kg8 27.Nxb4 Rxa1 28.Rxa1 f4
29.exf4 gxf4 30.Nd3 fxg3 31.hxg3 Bc6 32.Qe5 Qd6 33.Qxd6 Nxd6 34.Nfe5 Bxg2
35.Kxg2 Rc8 36.Rc1 Rxc1 37.Nxc1 Kg7 38.Ncd3 Kf6 39.f3 b5 40.Nc6 Nc7 41.g4 Ke6
42.Nf4+ Kd7 43.Ne5+ Kc8 44.Ned3 Kb7 45.g5 Nf5 46.Kh3 Kc6 47.Kg4 Nd4 48.g6 hxg6
49.Nxg6 Kd5 50.f4 Ke4 51.Nc5+ Ke3 52.Ne5 Nd5 53.Ncd3 Kd2 54.Nc5 Ne3+ 55.Kg5 Ke2
56.Ned3 Kf3 57.Ne5+ Kg3 58.Ne4+ Kg2 59.Nc5 Kh3 60.Ned3 Nf3+ 61.Kh5 Nd2 62.Kg5 Kg3
63.f5 Nf3+ 64.Kf6 Nd4 65.Ne4+ Kg4 66.Nd6 Nexf5  1/2-1/2

[Event "CCF Easter"]
[Site "Coulsdon ENG"]
[Date "2006.04.12"]
[Round "6"]
[White "Snape,I"]
[Black "Lukman,R"]
[Result "1-0"]
[WhiteElo "2227"]
[BlackElo "2265"]

1.c4 e5 2.g3 Nf6 3.Bg2 Nc6 4.Nc3 Bb4 5.Nd5 Bd6 6.Nf3 Nxd5 7.cxd5 Ne7 8.O-O Nxd5
9.Nxe5 Bxe5 10.Bxd5 Qf6 11.Qc2 c6 12.Bg2 d5 13.d3 O-O 14.Rb1 d4 15.b4 a6
16.a4 Bd7 17.Bb2 Qd6 18.Qc5 Rfe8 19.Rfe1 a5 20.Ba3 axb4 21.Bxb4 Qxc5 22.Bxc5 Ra5
23.Rxb7 Bc8 24.Re7 Rxe7 25.Bxe7 Rxa4 26.Bxc6 Ra2 27.Rc1 Be6 28.f4 Bf6 29.Bxf6 gxf6
30.Bf3 f5 31.Rb1 Ra4 32.Kf2 Kg7 33.Rb2 Kg6 34.e3 dxe3+ 35.Kxe3 Ra3 36.Rd2 h5
37.Kf2 Ra4 38.d4 Rb4 39.Bc6  1-0

[Event "Foxwoods Open"]
[Site "Ledyards USA"]
[Date "2006.04.12"]
[Round "1"]
[White "Hanken,J"]
[Black "Smith,Bry"]
[Result "1/2-1/2"]
[WhiteElo "2007"]
[BlackElo "2384"]

1.c4 e5 2.g3 Nf6 3.Bg2 d5 4.cxd5 Nxd5 5.Nc3 Nb6 6.Nf3 Nc6 7.O-O Be7 8.d3 O-O
9.a4 a5 10.Be3 Be6 11.Ne4 f5 12.Nc5 Bd5 13.Nb3 Kh8 14.Bxb6 cxb6 15.Nfd2 Bg8
16.Rc1 Bg5 17.Bxc6 bxc6 18.Rxc6 Bd5 19.Rc3 Qe8 20.Nc4 Rf6 21.Nbd2 e4 22.dxe4 fxe4
23.e3 Qe6 24.Qh5 Rh6 25.Qxg5 Qh3 26.Qxh6 Qxh6 27.Ne5 Qe6 28.Ndc4 h6 29.Rd1 Kh7
30.Rd4 Rf8 31.Rb3 Qf5 32.Rd2 Rf6 33.Rb5 Bxc4 34.Nxc4 Qc8 35.b3 Rc6 36.Re5 Qg4
37.Rd4 Rf6 38.Rexe4 Qe2 39.Rf4 Rxf4 40.gxf4 Qc2 41.Nd2 Qd1+ 42.Kg2 Qg4+ 43.Kf1 Qd1+
44.Kg2 Qg4+  1/2-1/2

[Event "Open NOR-ch"]
[Site "Oslo NOR"]
[Date "2006.04.12"]
[Round "5"]
[White "Svanholm,B"]
[Black "Jacobsen,M"]
[Result "0-1"]
[WhiteElo "2024"]
[BlackElo "1846"]

1.c4 e5 2.g3 Nc6 3.Bg2 Bc5 4.Nc3 Nf6 5.a3 d6 6.e3 O-O 7.Nge2 Re8 8.d3 Bb6
9.O-O Be6 10.Nd5 Bxd5 11.cxd5 Ne7 12.Nc3 a6 13.b4 Ng6 14.Bb2 Qd7 15.Rc1 Re7
16.h3 Rf8 17.Kh2 Ne8 18.Qd2 f5 19.Rfe1 Nf6 20.f4 h5 21.Re2 h4 22.gxh4 exf4
23.exf4 Nh5 24.Rf1 Nxh4 25.Rxe7 Qxe7 26.Re1 Qf7 27.d4 Nxg2 28.Qxg2 Nxf4 29.Qf3 Ng6
30.Nd1 Ne7 31.Ne3 f4 32.Ng4 Qxd5 33.Qd3 Nf5 34.Rg1 Qa2 35.Rg2 Qd5 36.Bc3 c6
37.a4 Bxd4 38.Bxd4 Qxd4 39.Qc2 Qd5 40.Qc3 Rf7 41.Rd2 Qe4 42.Qb3 Nd4 43.Nh6+ gxh6  0-1

[Event "CCF Easter"]
[Site "Coulsdon ENG"]
[Date "2006.04.13"]
[Round "8"]
[White "Snape,I"]
[Black "McNab,C"]
[Result "1/2-1/2"]
[WhiteElo "2227"]
[BlackElo "2437"]

1.c4 e5 2.g3 d6 3.Bg2 g6 4.Nc3 Bg7 5.d3 Nd7 6.Rb1 a5 7.a3 h5 8.Nf3 Nc5 9.b4 axb4
10.axb4 Ne6 11.h4 Ne7 12.Ng5 c6 13.b5 O-O 14.O-O d5 15.bxc6 bxc6 16.cxd5 cxd5
17.Nxe6 Bxe6 18.Bg5  1/2-1/2

[Event "Foxwoods Open"]
[Site "Ledyards USA"]
[Date "2006.04.13"]
[Round "3"]
[White "Hanken,J"]
[Black "Casella,M"]
[Result "1-0"]
[WhiteElo "2007"]
[BlackElo "2304"]

1.c4 e5 2.g3 Nf6 3.Bg2 d5 4.cxd5 Nxd5 5.Nc3 Nb6 6.Nf3 Nc6 7.O-O Be7 8.d3 O-O
9.Be3 Be6 10.Na4 e4 11.Ne1 exd3 12.Nxd3 Bd5 13.Bxb6 axb6 14.Bxd5 Qxd5 15.Nc3 Qa5
16.e3 Rfd8 17.Qe2 b5 18.a3 b4 19.axb4 Qxa1 20.Rxa1 Rxa1+ 21.Kg2 Nxb4 22.Nxb4 Bxb4
23.Ne4 c6 24.Qc4 Be7 25.Qb3 Rd7 26.g4 h6 27.Ng3 Ra5 28.Qc4 Rb5 29.Nh5 Rb4
30.Qe2 g6 31.Nf4 Bf6 32.b3 Bg5 33.Nd3 Rb5 34.b4 Be7 35.e4 Bxb4 36.e5 Bf8
37.e6 Re7 38.exf7+ Kg7 39.Qc2 Rxf7 40.Qc3+ Kh7 41.Qc4 Rf6 42.h4 Bg7 43.Qe4 Bf8
44.h5 Bd6 45.hxg6+ Rxg6 46.f4 Rd5 47.f5 Rf6 48.Nf4 Re5 49.Qd3 Ra5 50.Nh5 Ra2+
51.Kf1 Ra1+ 52.Ke2 Be7 53.Nxf6+ Bxf6 54.Qd7+ Kg8 55.Qxb7 Rc1 56.Qc8+ Kg7
57.Qd7+ Kg8 58.Qe8+  1-0

[Event "17th Pobeskydi Radegast Cup"]
[Site "Frydek Mistek CZE"]
[Date "2006.04.15"]
[Round "5"]
[White "Vysoglad,P"]
[Black "Heczko,M"]
[Result "1-0"]
[WhiteElo "2092"]
[BlackElo "1970"]

1.c4 e5 2.g3 Nf6 3.Nc3 c6 4.Bg2 d6 5.d3 h6 6.e4 Nbd7 7.Nge2 Be7 8.O-O Nb6
9.f4 exf4 10.Nxf4 Bg4 11.Bf3 Qd7 12.Be3 h5 13.a4 Bxf3 14.Qxf3 Qg4 15.a5 Nbd7
16.d4 Qxf3 17.Rxf3 h4 18.h3 g5 19.Ng2 g4 20.hxg4 Nxg4 21.gxh4 Nxe3 22.Rxe3 Bxh4
23.Rf1 Bg5 24.Rg3 Bf6 25.Ne2 O-O-O 26.Ne3 Rde8 27.Nf5 Kc7 28.Nc3 Rh7 29.b4 Reh8
30.c5 dxc5 31.bxc5 Rh2 32.Rg2 R2h3 33.Ne2 Ra3 34.Nd6 Rxa5 35.Nxf7 Rh7 36.Nd6 Rh8
37.Rg6 Be7 38.Rf7 Bxd6 39.cxd6+ Kc8 40.e5 Ra1+ 41.Kf2 Rah1 42.e6 Nf8 43.Rgf6 Nh7
44.Rc7+ Kb8 45.Rff7 Rb1 46.Rxh7 Rg8 47.Rcg7 Re8 48.d7  1-0

[Event "CCF Easter"]
[Site "Coulsdon ENG"]
[Date "2006.04.17"]
[Round "1"]
[White "Snape,I"]
[Black "Taylor,Mart"]
[Result "0-1"]
[WhiteElo "2227"]
[BlackElo "2305"]

1.c4 e5 2.g3 Nc6 3.Bg2 f5 4.Nc3 Nf6 5.e3 g6 6.Nge2 Bg7 7.d3 O-O 8.Rb1 a5
9.a3 d6 10.b4 axb4 11.axb4 Qe8 12.Nd5 Qf7 13.f4 Be6 14.b5 Nd8 15.Nec3 c6
16.Nb6 Ra7 17.O-O Re8 18.Re1 Ng4 19.Ne2 h6 20.h3 Nf6 21.Rf1 g5 22.e4 gxf4
23.gxf4 Qg6 24.Rf3 Nh5 25.fxe5 dxe5 26.exf5 Bxf5 27.Re3 Ne6 28.Kh1 Nef4 29.Nxf4 Nxf4
30.Qf3 Nxd3 31.bxc6 bxc6 32.Qxc6 Nf2+ 33.Kg1 Bxb1 34.Kxf2 Kh7 35.Bb2 Re6
36.Qc5 Rxb6 37.Re2 Ra2 38.Bxe5 Rxe2+ 39.Kxe2 Qxg2+ 40.Kd1 Bc2+  0-1

[Event "Spring NAm GMB"]
[Site "Schaumburg USA"]
[Date "2006.04.21"]
[Round "7"]
[White "Burnett,R"]
[Black "Kopec,D"]
[Result "1-0"]
[WhiteElo "2390"]
[BlackElo "2362"]

1.c4 e5 2.g3 Nc6 3.Bg2 f5 4.e3 Nf6 5.Ne2 g6 6.Nbc3 Bg7 7.f4 d6 8.Rb1 a5 9.O-O O-O
10.a3 Re8 11.d4 Qe7 12.d5 Nb8 13.h3 Nbd7 14.b4 h5 15.Bb2 Nb6 16.Qb3 exf4
17.exf4 h4 18.Rf3 Kh7 19.Bc1 Bd7 20.Re3 Qf8 21.gxh4 a4 22.Qa2 Nh5 23.Bd2 Bf6
24.Nd1 Bxh4 25.c5 dxc5 26.bxc5 Qxc5 27.Rc1 Qb5 28.Nd4 Qa6 29.Bf1 Qa7 30.Rxc7 Bd8
31.Nc6 Rxe3 32.Bxe3 bxc6 33.Rxa7 Rxa7 34.dxc6 Bxc6 35.Qe6 Bd5 36.Qe5 Re7
37.Qd6 Rd7 38.Qb4 Rb7 39.Ba6 Rb8 40.Qd6  1-0

[Event "TCh-HUN 2005-6"]
[Site "Hungary HUN"]
[Date "2006.04.23"]
[Round "11"]
[White "Gal,Jo"]
[Black "Rovid,K"]
[Result "1-0"]
[WhiteElo "2346"]
[BlackElo "2334"]

1.c4 e5 2.g3 Nf6 3.Nc3 Bb4 4.Bg2 O-O 5.Nf3 Nc6 6.O-O d6 7.d3 h6 8.Bd2 Be6
9.a3 Bxc3 10.Bxc3 Qd7 11.Re1 Bh3 12.Bh1 Ng4 13.b4 f5 14.b5 Ne7 15.Nd2 f4
16.Ne4 Qf5 17.Bf3 Qg6 18.Bxg4 Bxg4 19.f3 Be6 20.Kh1 Nf5 21.gxf4 Ne3 22.Rg1 Nxd1
23.Rxg6 Bf5 24.Rg1 Nxc3 25.Nxc3 exf4 26.Nd5 Rae8 27.Ra2 Bh3 28.Nxc7 Re5 29.Nd5 g5
30.Nc3 Kg7 31.Ne4 Rd8 32.Rc2 Bf5 33.Nc3 Rc8 34.Rb2 Kf7 35.a4 Rce8 36.Kg2 h5
37.Kf2 Kg6 38.Nd5 Rxd5 39.cxd5 Rc8 40.e3 fxe3+ 41.Kxe3 Rc3 42.Rd1 Kf6 43.Rb4 Ra3
44.Rd2 Ke5 45.Rc4 b6 46.h4 g4 47.fxg4 Bxg4 48.Re4+ Kxd5 49.Rf2 Ra1 50.Rf7 Re1+
51.Kd2 Rh1 52.Rxa7 Bf5 53.Rf4 Ke5 54.Rb4 Rh3 55.Re7+ Kd5 56.Re3 Rh2+ 57.Kc3 Bg4
58.Re7  1-0